| Tag |
First Indicator |
Second Indicator |
Subfields |
| LEADER |
00000cam a2200000 i 4500 |
| 001 |
in00004649321 |
| 003 |
OCoLC |
| 005 |
20230313195409.4 |
| 008 |
220216t20232023dcua b 001 0 eng |
| 010 |
|
|
|a 2021062844
|
| 040 |
|
|
|a DLC
|e rda
|c DLC
|
| 020 |
|
|
|a 9781433833144
|q hardcover
|
| 020 |
|
|
|a 143383314X
|q hardcover
|
| 020 |
|
|
|z 9781433832369
|q electronic book
|
| 035 |
|
|
|a (OCoLC)1298712047
|
| 050 |
0 |
0 |
|a BF724
|b .A66 2023
|
| 082 |
0 |
0 |
|a 155.5
|2 23/eng/20220216
|
| 245 |
0 |
0 |
|a APA handbook of adolescent and young adult development /
|c Lisa J Crockett, Gustavo Carlo, and John E. Schulenberg, editors.
|
| 264 |
|
1 |
|a Washington, D.C. :
|b American Psychological Association,
|c [2023].
|
| 264 |
|
4 |
|c ©2023.
|
| 300 |
|
|
|a xxxvii, 776 pages :
|b illustrations ;
|c 29 cm.
|
| 336 |
|
|
|a text
|b txt
|2 rdacontent
|
| 337 |
|
|
|a unmediated
|b n
|2 rdamedia
|
| 338 |
|
|
|a volume
|b nc
|2 rdacarrier
|
| 490 |
1 |
|
|a APA handbooks in psychology
|
| 504 |
|
|
|a Includes bibliographical references and index.
|
| 520 |
|
|
|a This handbook reviews factors that impact youth development, including biological, cognitive and emotive processes, development through social contexts, cultural diversity, risk behaviors and psychopathology, positive youth development and intervention and policy.
|
| 650 |
|
0 |
|a Adolescent psychology.
|
| 650 |
|
0 |
|a Youth development.
|
| 700 |
1 |
|
|a Crockett, Lisa J.,
|e editor.
|
| 700 |
1 |
|
|a Carlo, Gustavo,
|e editor.
|
| 700 |
1 |
|
|a Schulenberg, John E.,
|e editor.
|
| 830 |
|
0 |
|a APA handbooks in psychology.
|
| 945 |
|
|
|b 612608
|
| 947 |
|
|
|a A14851379793
|
| 948 |
|
|
|a dmitchel 3/13/23 2.50.40
|
| 980 |
|
|
|b print
|c 40031532710
|f NONFIC/B
|g 565714
|k USD
|m 250.00
|q 1
|s AcqMono Conventional
|t Approval plan
|u Vendor order reference number
|v ZYBP
|y Print approval
|z Physical resource
|
| 999 |
f |
f |
|i 1784eabd-51ad-41ee-a339-e8f95d53001e
|s f003c0ac-cbbd-4a66-955a-62fb094f3259
|t 0
|
| 952 |
f |
f |
|p normal
|a Texas A&M University
|b College Station
|c Sterling C. Evans Library
|s Evans stk
|d Evans: Library Stacks
|t 0
|e BF724 .A66 2023
|h Library of Congress classification
|i unmediated -- volume
|m A14851379793
|